World Greatest Short Stories (Record no. 45110)

MARC details
000 -LEADER
fixed length control field 00434nam a2200145Ia 4500
008 - FIXED-LENGTH DATA ELEMENTS--GENERAL INFORMATION
fixed length control field 211109s9999||||xx |||||||||||||| ||und||
082 ## - DEWEY DECIMAL CLASSIFICATION NUMBER
Classification number 823
Item number SHA-W
100 ## - MAIN ENTRY--PERSONAL NAME
Personal name Shah, Ashwin J
245 #0 - TITLE STATEMENT
Title World Greatest Short Stories
260 ## - PUBLICATION, DISTRIBUTION, ETC.
Name of publisher, distributor, etc. Jaico Publishing
Place of publication, distribution, etc. India
Date of publication, distribution, etc. 1989
300 ## - PHYSICAL DESCRIPTION
Extent viii+639p.
630 ## - SUBJECT ADDED ENTRY--UNIFORM TITLE
General subdivision GENERAL STACK
650 ## - SUBJECT ADDED ENTRY--TOPICAL TERM
Topical term or geographic name entry element English fiction
942 ## - ADDED ENTRY ELEMENTS (KOHA)
Koha item type BOOK
650 ## - SUBJECT ADDED ENTRY--TOPICAL TERM
Form subdivision English & Old English literatures
General subdivision Literature & rhetoricMalayalam
Holdings
Withdrawn status Lost status Damaged status Not for loan Home library Current library Date acquired Cost, normal purchase price Total Checkouts Full call number Barcode Shelving location Date last seen Price effective from Koha item type
        SB LIBRARY SB LIBRARY 09/11/2021 125.00   823 SHA-W 00087067 GENERAL STACK 09/11/2021 09/11/2021 BOOK

Powered by Koha